Prodloužení životnosti baterie prevencí proti poškozování zdiva vlivem sil vyvolaných vytlačováním koksu
| Hlavní autori: | , , , , , |
|---|---|
| Médium: | Článok |
| Jazyk: | Czech |
| Témy: | |
| Zdroj: |
1. Technický zpravodaj 1. Roč. 47, č. 1 (2002), s. 28-39 1. 0862-3287 |
| LEADER | 01050nab#a2200385#ar4500 | ||
|---|---|---|---|
| 001 | 000098713 | ||
| 003 | SVKKK | ||
| 005 | 20091130113934.0 | ||
| 008 | 080509c2002 xr |||||||||||||||b|cze | ||
| FMT | |||
| 015 | |a SNBRB2009/12 | ||
| 038 | |a SVKKK | ||
| 040 | |a SVKKK |b slo |e AACR2 | ||
| 041 | 0 | |a cze | |
| 044 | |a xr |c CZ | ||
| 080 | |a 662.74 |2 1997 | ||
| 245 | 1 | 0 | |a Prodloužení životnosti baterie prevencí proti poškozování zdiva vlivem sil vyvolaných vytlačováním koksu |c I. Shimoyama ... [et al.] |
| 300 | |b Obr., tab. | ||
| 504 | |a Bibliogr. odkazy | ||
| 650 | 0 | 4 | |a koksárenské pece |x poškodenie výmurovky |x vytláčanie koksu |
| 700 | 1 | |a Shimoyama, I. |4 aut | |
| 700 | 1 | |a Itagaki, S. |4 aut | |
| 700 | 1 | |a Fukada, K. |4 aut | |
| 700 | 1 | |a Miyake, T. |4 aut | |
| 700 | 1 | |a Kadoya, H. |4 aut | |
| 700 | 1 | |a Tahara, T. |4 aut | |
| 773 | 0 | |t Technický zpravodaj |g Roč. 47, č. 1 (2002), s. 28-39 |x 0862-3287 | |
| 958 | |a RK | ||
| 958 | |a NB | ||
| 974 | |a Ni | ||
| 992 | |a RBX | ||
| BAS | |||
| 852 | |a SVKKK |b BIB | ||
| EXP | |||
| 998 | |a HUT | ||